00241cam a22000857a 4500008003600000082001900036245002300055260004600078500003100124180718b xxu||||| |||| 00| 0 eng d aT216103x42 Un3 aIron and steel act aLondonbHer Majesty's Stationery Officec aContents : 1949,1953, 1967